| 000 | 00632nam a2200217 i 4500 | ||
|---|---|---|---|
| 001 | 91895 | ||
| 003 | ES-MaACL | ||
| 005 | 20250911062830.0 | ||
| 007 | t| | ||
| 008 | 050225s2004 sp ||||1| spa d | ||
| 020 | _a84-7522-562-4 | ||
| 080 | _a821.134.2(82)-14"19" | ||
| 100 | 0 |
_aGelman, Juan, _d1930-2014 _956274 |
|
| 245 | 1 | 0 |
_aSidney West y otros poemas / _cJuan Gelman. |
| 260 |
_aMadrid : _bVisor Libros, _c[2004] |
||
| 300 |
_a351 p. ; _c20 cm. |
||
| 490 | 1 |
_aColección Visor de poesía ; _v562 |
|
| 830 | 0 |
_aColección Visor de poesía _v562 _9177331 |
|
| 852 |
_aES-MaACL _jL-28917 _bR.135126 |
||
| 999 |
_c91895 _d91895 |
||